书目信息 |
| 题名: |
数字电子技术
|
|
| 作者: | 佘新平 主编 | |
| 分册: | ||
| 出版信息: | 武汉 华中科技大学出版社 2007.03 |
|
| 页数: | 296页 | |
| 开本: | 23cm | |
| 丛书名: | 21世纪电气信息学科立体化系列教材 | |
| 单 册: | ||
| 中图分类: | TN79 | |
| 科图分类: | ||
| 主题词: | 数字电路--shu zi dian lu--电子技术--高等学校--教材 | |
| 电子资源: | ||
| ISBN: | 978-7-5609-3949-0 | |
| 000 | 01040nam 2200277 450 | |
| 001 | 012008232922 | |
| 005 | 20080605111208.45 | |
| 010 | @a978-7-5609-3949-0@dCNY31.80 (含光盘) | |
| 010 | @a978-7-900695-92-5@b光盘 | |
| 100 | @a20080605d2007 em y0chiy0120 ea | |
| 101 | 0 | @achi |
| 102 | @aCN@b420000 | |
| 105 | @aa a 000yy | |
| 106 | @ar | |
| 200 | 1 | @a数字电子技术@Ashu zi dian zi ji shu@f佘新平主编@Fshe xin ping zhu bian |
| 210 | @a武汉@c华中科技大学出版社@d2007.03 | |
| 215 | @a296页@c图@d23cm@e光盘1片 | |
| 225 | 2 | @a21世纪电气信息学科立体化系列教材@A21 shi ji dian qi xin xi xue ke li ti hua xi lie jiao cai |
| 320 | @a有书目 (第293页) | |
| 330 | @a本书以现代电子技术的发展为背景,全面地介绍了数字电路的基本分析和设计方法。包括:数制与编码,逻辑门,组合逻辑电路等。 | |
| 410 | 0 | @12001 @a21世纪电气信息学科立体化系列教材 |
| 606 | 0 | @a数字电路@Ashu zi dian lu@x电子技术@x高等学校@j教材 |
| 690 | @aTN79@v4 | |
| 701 | 0 | @a佘新平@Ashe xin ping@4主编 |
| 801 | 0 | @aCN@bQSSK@c20080605 |
| 905 | @b724591-93@dTN79@eS346@f3 | |
| 数字电子技术/佘新平主编.-武汉:华中科技大学出版社,2007.03 |
| 296页:图;23cm+光盘1片.-(21世纪电气信息学科立体化系列教材) |
| ISBN 978-7-5609-3949-0:CNY31.80 (含光盘) |
| 本书以现代电子技术的发展为背景,全面地介绍了数字电路的基本分析和设计方法。包括:数制与编码,逻辑门,组合逻辑电路等。 |
| ● |
| 相关链接 |
|
|
|
正题名:数字电子技术
索取号:TN79/S346
 
预约/预借
| 序号 | 登录号 | 条形码 | 馆藏地/架位号 | 状态 | 备注 |
| 1 | 724591 | 207245916 | 自科二线404/404自科库 15排6列4层/ [索取号:TN79/S346] | 在馆 | |
| 2 | 724592 | 207245925 | 自科库301/301自科库 32排3列1层/ [索取号:TN79/S346] | 在馆 | |
| 3 | 724593 | 207245934 | 自科库301/301自科库 32排3列1层/ [索取号:TN79/S346] | 在馆 |